LEADER 01335nam a2200301 i 4500 001 000000142374 003 CaOOAMICUS 005 20161214000000.0 008 161214s2014 it u000 u ita u 013 $a117682 020 $a978-88-317-1846 040 $aSeMil$bita 100 1 $aLuzi, Mario,$d<1914-2005>.$0(OLS)http://semarc/name/1555 245 13$aIl lungo viaggio nel Novecento :$bstoria, politica, poesia /$cMario Luzi, Giorgio Tabanelli. 260 $aVenezia :$bMarsilio,$c2014. 300 $aXII, 329 p., [8] p. di tav. :$bill. ;$c22 cm. 490 0 $aSaggi Marsilio 650 4$aItalia - Storia - Sec. 20.$0(OLS)http://semarc/subject/254 650 4$aPoesia italiana - Storia - Sec. 20.$0(OLS)http://semarc/subject/5870 650 4$aItalia - Politica - Sec. 20.$0(OLS)http://semarc/subject/2745 700 1 $aTabanelli, Giorgio.$0(OLS)http://semarc/name/55303 830 0$aSaggi Marsilio.$0(OLS)http://semarc/title/7835 850 $aSeMil 852 $aSeMil$W1$xVenegono$y1$m1O IV 206$j95548$B95548$CSeMilBibl$Z2$F102342 $81 961 $aOmaggio: Altro 996 $6020$a978-88-317-1846$9(OLS)http://semarc/number/130683 996 $6245$aIl lungo viaggio nel Novecento :$bstoria, politica, poesia$9(OLS)http://semarc/title/208234 996 $6260$aVenezia :$bMarsilio$9(OLS)http://semarc/publisher/30231 LEADER 01467nam a2200337 i 4500 001 000000220939 003 CaOOAMICUS 005 20130610000000.0 008 130610s2008 it u000 u ita u 013 $a199836 020 $a978-88-06-19151-1 040 $aSeMil$bita 100 1 $aRajan, Raghuram G.$0(OLS)http://semarc/name/77367 240 10$aSaving capitalism from the capitalists.$0(OLS)http://semarc/title/316766 245 10$aSalvare il capitalismo dai capitalisti /$cRaghuram G. Rajan, Luigi Zingales ; con una nuova prefazione ; traduzione di Stefano Suigo. 260 $aTorino :$bEinaudi,$c2008. 300 $aXIX, 390 p. ;$c21 cm. 490 0 $aET saggi [Einaudi] ;$v1499 500 $aFondo card. C. M. Martini. 650 4$aCapitalismo.$0(OLS)http://semarc/subject/13925 650 4$aCapitalismo - Sec. 20.-21.$0(OLS)http://semarc/subject/10311 700 1 $aSuigo, Stefano.$0(OLS)http://semarc/name/77368 700 1 $aZingales, Luigi.$0(OLS)http://semarc/name/71194 830 0$aET ;$v1499.$0(OLS)http://semarc/title/28189 850 $aSeMil 852 $aSeMil$W1$xVenegono$y1$m3M I 223$j171293$B171293$CSeMilBibl$Z2$F182177 $81 941 1 $a4 961 $aLascito: Martini Card. Carlo Maria 996 $6020$a978-88-06-19151-1$9(OLS)http://semarc/number/219682 996 $6245$aSalvare il capitalismo dai capitalisti$9(OLS)http://semarc/title/316765 996 $6260$aTorino :$bEinaudi$9(OLS)http://semarc/publisher/29884